The poems of Matthew Arnold, 1840-1867 /

Saved in:
Bibliographic Details
Main Author: Arnold, Matthew, 1822-1888
Format: Book
Language:English
Published: Lond. : O.U.P., 1922.
Edition:Oxford ed.
LEADER 00784nam a22002171a 4500
001 c000356004
003 CARM
005 20020828165151.0
008 851029s1922 enk 0 eng d
019 1 |a 4021176  |5 LACONCORD2021 
035 |a (OCoLC)216286803  |5 LACONCORD2021 
040 |a NUN  |b eng  |c NUN 
082 0 4 |a 821.8 
100 1 |a Arnold, Matthew,  |d 1822-1888. 
240 1 0 |a Selected works 
245 1 4 |a The poems of Matthew Arnold, 1840-1867 /  |c with an intro. by Sir A.Quiller-Couch. 
250 |a Oxford ed. 
260 |a Lond. :  |b O.U.P.,  |c 1922. 
852 8 |b CARM  |h A1:AM29A0  |i A05030  |p 0430793  |f BK 
999 f f |i 2384d68e-d47b-5d44-a0c4-85d41222de71  |s 03b54b45-3ff6-508c-9dcb-cbdbcfafbf03 
952 f f |p Can circulate  |a CAVAL  |b CAVAL  |c CAVAL  |d CARM 1 Store  |e A05030  |f A1:AM29A0  |h Other scheme  |i book  |m 0430793